000 01236nam a2200325Ia 4500
001 ebr10211489
003 CaPaEBR
006 m u
007 cr cn|||||||||
008 040205s2004 enka sb 001 0 eng d
010 _z 2004002703
020 _z0566086123 (hbk.)
040 _aCaPaEBR
_cCaPaEBR
035 _a(OCoLC)648341037
050 1 4 _aHD9715.A2
_bL624 2004eb
082 0 4 _a624.0684
_222
100 1 _aLock, Dennis.
245 1 0 _aProject management in construction
_h[electronic resource] /
_cby Dennis Lock.
260 _aAldershot :
_bGower,
_c2004.
300 _axiv, 190 p. :
_bill.
490 1 _aLeading construction series
504 _aIncludes bibliographical references (p. [185]) and index.
533 _aElectronic reproduction.
_bPalo Alto, Calif. :
_cebrary,
_d2009.
_nAvailable via World Wide Web.
_nAccess may be limited to ebrary affiliated libraries.
650 0 _aConstruction industry
_xManagement.
650 0 _aProduction management.
655 7 _aElectronic books.
_2local
710 2 _aebrary, Inc.
830 0 _aLeading construction series.
856 4 0 _uhttp://site.ebrary.com/lib/rucke/Doc?id=10211489
_zAn electronic book accessible through the World Wide Web; click to view
999 _c126223
_d126223